Fundamentals of sociology ; a situational analysis /

Bibliographic Details
Main Author: Eldridge, Seba, 1885-
Format: Book
Language:English
Published: New York : Crowell, 1950.
Subjects:

MARC

Tag First Indicator Second Indicator Subfields
LEADER 00000cam a2200000 4500
001 in00000061484
005 20151007082805.0
008 760213s1950 xx 00000 eng
010 |a  50008148  
035 |a (OCoLC)01990055 
035 |9 AAF8412AM 
040 |a DLC  |c UWC  |d TXA  |d UtOrBLW 
049 |a TXAM  |c [193957] 
050 0 |a HM51  |b .E35 
090 |a HM51  |b .E35 1950 
092 |a 301  |b E37f 
100 1 |a Eldridge, Seba,  |d 1885- 
245 1 0 |a Fundamentals of sociology ;  |b a situational analysis /  |c The authors: Seba Eldridge [and others]. 
264 1 |a New York :  |b Crowell,  |c 1950. 
300 |a xvi, 720 pages :  |b illustrations, map. ;  |c 24 cm. 
336 |a text  |b txt  |2 rdacontent 
337 |a unmediated  |b n  |2 rdamedia 
338 |a volume  |b nc  |2 rdacarrier 
504 |a Includes bibliographies. 
650 0 |a Sociology. 
999 |a MARS 
999 f f |s b7ffe787-35b6-3fba-b345-84b15e0f1864  |i 54747457-dea6-3394-b575-a9c49dff19a5  |t 0 
952 f f |p ric  |a Texas A&M University  |b Rellis Campus  |c Joint Library Facility  |d Remote Storage  |t 0  |e HM51 .E35 1950  |h Library of Congress classification  |i unmediated -- volume  |m A14800631793 
998 f f |a HM51 .E35 1950  |t 0  |l Remote Storage